1049 1248 1966 1246 1253 1902 1350 1017 1166 1094 1956 1436 1896 1027 1106 1522 1237 1847 1301 1712 1608 1010 1279 1178 1059 1931 1278 1052 1672 1837 1782 1935 1129 1220 1874 1985 1547 1439 1023 1271 1891 1098 1568 1342 1231 1018 1537 1030 1734 1096 1183 1089 1076 1556 1147 1182 1028 1206 1431 1836 1728 1675 1808 1931 1957 1150 1109 1871 1769 1285 1253 1955 1749 1878 1710 1843 1568 1702 1223 1918 1661 1321 1307 1955 1619 1993 1709 1153 1107 1637 1744 1255 1998 1687 1590 1401 1672 1020 1914 BCNSPRNW ULIB Ver.6.0+V

เปลี่ยนเป็นภาษาไทย

Change to English
 แสดงรายละเอียดบรรณานุกรม
  กลับหน้าหลัก

Brief Record : Get Marc (ISO 2709) : E-mail record : QR code < ปิดหน้าต่าง
LEADER : 00000nam 2200000uu 4500
001    13399129207
003     ULIB
008    020711s2568 th a 000 0 tha d
020    ^a9786166220582
060    ^aWM412^bพ642ก
100    ^aพิชัย อิฏฐสกุล
245    ^aการรักษาทางจิตเวชด้วยไฟฟ้า (ELECTROCONVULSIVE THERAPY)
250    ^aพิมพ์ครั้งที่ 2
260    ^aกรุงเทพฯ :^bสำนักพิมพ์รามาธิบดี คณะแพทยศาสตร์โรงพยาบาลรามาธิบดี มหาวิทยาลัยมหิดล,^c2568
300    ^a194 หน้า;^b26 ซม.
650    ^aจิตเวชศาสตร์^xการรักษาด้วยไฟฟ้า
999    ^aประนอม เกษจรัล
รายการนี้ยังไม่มีแท็ก
คุณยังไม่ได้ล็อกอิน คุณสามารถมีกิจกรรมร่วมกับเว็บไซต์ได้ แต่ต้องล็อกอินก่อน ::
  ล็อกอิน

รายการสื่อสารสนเทศ

ลำดับที่ ประเภท เลขเรียก/บาร์โค้ด สถานที่ สถานะ
1. วิทยาศาสตร์การแพทย์ และสุขภาพ
หนังสือสำรอง
สถานะ=หนังสือสำรอง
WM412 พ642ก ฉ.1 
  Barcode: 012168
ห้องสมุดวิทยาเขตสวรรค์ประชารักษ์
►หนังสือทั่วไป
บนชั้น
2. วิทยาศาสตร์การแพทย์ และสุขภาพ
วิทยาศาสตร์การแพทย์ และสุขภาพ
WM412 พ642ก ฉ.2 
  Barcode: 012169
ห้องสมุดวิทยาเขตสวรรค์ประชารักษ์
►หนังสือทั่วไป
บนชั้น
3. วิทยาศาสตร์การแพทย์ และสุขภาพ
วิทยาศาสตร์การแพทย์ และสุขภาพ
WM412 พ642ก ฉ.3 
  Barcode: 012170
ห้องสมุดวิทยาเขตสวรรค์ประชารักษ์
►หนังสือทั่วไป
บนชั้น
4. วิทยาศาสตร์การแพทย์ และสุขภาพ
วิทยาศาสตร์การแพทย์ และสุขภาพ
WM412 พ642ก ฉ.4 
  Barcode: 012171
ห้องสมุดวิทยาเขตสวรรค์ประชารักษ์
►หนังสือทั่วไป
บนชั้น
5. วิทยาศาสตร์การแพทย์ และสุขภาพ
วิทยาศาสตร์การแพทย์ และสุขภาพ
WM412 พ642ก ฉ.5 
  Barcode: 012172
ห้องสมุดวิทยาเขตสวรรค์ประชารักษ์
►หนังสือทั่วไป
บนชั้น

BibComment


ยังไม่เคยถูกคอมเมนท์

คอมเมนท์ทรัพยากรรายการนี้
  คอมเมนท์: การรักษาทางจิตเว..


 Copyright 2026. Bcnsprnw @Library